|
|
|
|
| LEADER |
00887cam a2200241 7i4500 |
| 001 |
0000056703 |
| 005 |
20140605090000.0 |
| 008 |
080422s2006 si a eng |
| 020 |
# |
# |
|a 9789812303394
|
| 020 |
# |
# |
|a 9812303391
|
| 090 |
0 |
0 |
|a DS 597.2
|b .M3 2006
|
| 245 |
0 |
0 |
|a Malaysia :
|b recent trends and challenges
|c edited by Saw Swee-Hock, K. Kesavapany.
|
| 260 |
# |
# |
|a Singapore:
|b Institute of Southeast Asian Studies,
|c 2006.
|
| 300 |
# |
# |
|a xv, 313 p.:
|b ill.;
|c 23 cm..
|
| 590 |
# |
# |
|a Pusat Pendidikan Asas dan Liberal
|
| 650 |
0 |
0 |
|a Islam and politics --
|z Malaysia
|
| 650 |
0 |
0 |
|a Malaysia --
|x Politics and government
|
| 650 |
0 |
0 |
|a Elections --
|z Malaysia
|
| 700 |
1 |
1 |
|a Saw, Swee-Hock
|
| 700 |
1 |
1 |
|a Kesavapany, K.
|
| 710 |
2 |
1 |
|a Institute of Southeast Asian Studies
|
| 999 |
|
|
|a 1100057113
|b Book
|c Open Shelf
|e KOLEKSI TERBUKA
|
| 999 |
|
|
|a 1100055032
|b Book
|c Open Shelf
|e KOLEKSI TERBUKA
|